The Curse of the Kings
Novela de romanticismo y suspenso, donde la protagonista Judith Osmond que sirve de dama de compañía para la esposa de un arqueólogo, se encuentra perdidamente enamorada de Tybalt, hijo de otro arqueólogo que recién ha hecho un descubrimiento bastante importante por el que todos se ven involucrados....
Sábháilte in:
| Príomhchruthaitheoir: | |
|---|---|
| Formáid: | LEABHAR |
| Teanga: | Undetermined |
| Foilsithe / Cruthaithe: |
Londres, Inglaterra
The Companion Book Club
1973
|
| Ábhair: | |
| Clibeanna: |
Cuir clib leis
Níl clibeanna ann, Bí ar an gcéad duine le clib a chur leis an taifead seo!
|
MARC
| LEADER | 00000nam a2200000Ia 4500 | ||
|---|---|---|---|
| 008 | 170316s9999 xx 000 0 und d | ||
| 040 | |a cru BVZT | ||
| 090 | |a 820 H-10c | ||
| 100 | |a Holt, Victoria |9 859 | ||
| 245 | 4 | |a The Curse of the Kings |c / Victoria Holt | |
| 260 | |a Londres, Inglaterra | ||
| 260 | |b The Companion Book Club | ||
| 260 | |c 1973 | ||
| 300 | |a 283 páginas | ||
| 520 | |a Novela de romanticismo y suspenso, donde la protagonista Judith Osmond que sirve de dama de compañía para la esposa de un arqueólogo, se encuentra perdidamente enamorada de Tybalt, hijo de otro arqueólogo que recién ha hecho un descubrimiento bastante importante por el que todos se ven involucrados. | ||
| 650 | |a LITERATURA INGLESA |9 12 | ||
| 650 | |a EN IDIOMA INGLÉS |9 129 | ||
| 650 | |a NOVELA ROMÁNTICA Y SUSPENSO |9 860 | ||
| 999 | |c 6915 |d 6915 | ||
| 942 | |c 15 D |h 820 H-10c |2 z | ||
